书目信息 |
| 题名: |
铁路行车组织
|
|
| 作者: | 杨建秋 主编 | |
| 分册: | ||
| 出版信息: | 上海 上海交通大学出版社 2017 |
|
| 页数: | 383页 | |
| 开本: | 26cm | |
| 丛书名: | ||
| 单 册: | ||
| 中图分类: | U292 | |
| 科图分类: | ||
| 主题词: | 铁路行车--行车组织 | |
| 电子资源: | ||
| ISBN: | 978-7-313-17721-6 | |
| 000 | 00918nam0 2200217 450 | |
| 001 | 5254 | |
| 005 | 20181014161750.95 | |
| 010 | @a978-7-313-17721-6@dCNY68.00 | |
| 100 | @a20170731d2017 em y0chiy0110 ea | |
| 101 | 0 | @achi |
| 102 | @aCN@b310000 | |
| 105 | @ay z 000yy | |
| 200 | 1 | @a铁路行车组织@9tie lu hang che zu zhi@f杨建秋主编 |
| 210 | @a上海@c上海交通大学出版社@d2017 | |
| 215 | @a383页@d26cm | |
| 330 | @a本书的主要内容包括:铁路基本概念、基本知识、调车工作、技术站作业组织、车站作业计划、统计分析、车站通过能力及改编能力、车流组织、列车运行图及区间通过能力、铁路运输生产技术计划及运输方案、铁路调度工作运输调度、高速铁路。本书是铁道运输、铁道交通运营管理专业及相关专业高职、中专教材和教学参考书,也可作为铁路成人职业教育、铁路运输职工自学用书。 | |
| 606 | 0 | @a铁路行车@x行车组织 |
| 690 | @aU292@v5 | |
| 701 | 0 | @a杨建秋@9yang jian qiu@4主编 |
| 801 | 0 | @aCN@b91CIP@c20170731 |
| 905 | @aMuseLib@dU292@e800 | |
| 铁路行车组织/杨建秋主编.-上海:上海交通大学出版社,2017 |
| 383页;26cm |
| ISBN 978-7-313-17721-6:CNY68.00 |
| 本书的主要内容包括:铁路基本概念、基本知识、调车工作、技术站作业组织、车站作业计划、统计分析、车站通过能力及改编能力、车流组织、列车运行图及区间通过能力、铁路运输生产技术计划及运输方案、铁路调度工作运输调度、高速铁路。本书是铁道运输、铁道交通运营管理专业及相关专业高职、中专教材和教学参考书,也可作为铁路成人职业教育、铁路运输职工自学用书。 |
| ● |
| 相关链接 |
|
|
|
|
正题名:铁路行车组织
索取号:U292/800
 
预约/预借
| 序号 | 登录号 | 条形码 | 馆藏地/架位号 | 状态 | 备注 |
| 1 | 1128834 | 211288346 | 第二样本阅览室/ [索取号:U292/800] | 在馆 | |
| 2 | 1128835 | 211288355 | 密集书库-物理学院/ [索取号:U292/800] | 在馆 | |
| 3 | 1128836 | 211288364 | 第三借阅区/ [索取号:U292/800] | 在馆 | |
| 4 | 1128837 | 211288373 | 第三借阅区/ [索取号:U292/800] | 在馆 | |
| 5 | 1128838 | 211288382 | 第三借阅区/ [索取号:U292/800] | 在馆 |